[Event "Olympiad Women 2024"]
[Site "Budapest HUN"]
[Date "2024.09.21"]
[Round "10.75"]
[Board "3"]
[White "Gemota, Joan"]
[Black "Yeshey lhaden"]
[Result "0-1"]
[WhiteElo "1567"]
[BlackElo "1514"]
[PlyCount "66"]
[EventDate "2024.09.11"]
[WhiteTeam "Palau"]
[BlackTeam "Bhutan"]
[WhiteTeamCountry "PAL"]
[BlackTeamCountry "BTN"]

1. d4 d5 2. Nf3 Nf6 3. Bg5 h6 4. Bf4 Bf5 ({RR} 4... c6 5. e3 Bf5 6. c4 e6 7. Nc3 Nbd7 8. Bd3 Bxd3 9. Qxd3 Bb4 10. O-O Qa5 11. Rfc1 O-O 12. h3 Rac8 13. a3 Bxc3 14. Rxc3 Ne4 15. Rc2 Rfe8 16. b4 Qa6 17. Qb3 Nb6 18. c5 Nc4 19. a4 {½-½ Lehtosaari,M (2149)-Tokhirjonova,G (2357) Titled Tue 30th Apr Early 2024 (10)}) 5. e3 Ne4 6. Bd3 e6 7. c4 $146 ({RR} 7. Bxe4 Bxe4 8. O-O Nd7 9. Nbd2 Bh7 10. c4 Bd3 11. Re1 dxc4 12. Rc1 b5 13. b3 Ba3 14. bxc4 Bxc1 15. Qxc1 bxc4 16. Nxc4 Bxc4 17. Qxc4 Rc8 18. e4 O-O 19. g4 Qf6 20. Qc1 g5 21. Nxg5 hxg5 {0-1 Medvedev,V (2160)-Kuzakhmedov,R (1989) Zhukovsky op-A 2009 (3)}) ({RR} 7. O-O Nd7 8. c4 g5 9. Be5 f6 10. Bg3 h5 11. h3 h4 12. Bh2 g4 13. hxg4 Bxg4 14. Nc3 f5 15. cxd5 Nxc3 16. bxc3 exd5 17. Be2 h3 18. g3 Bd6 19. c4 dxc4 20. Bxc4 Qe7 21. Be2 O-O-O {0-1 Szabo,E (1890)-Mezei,C (2030) HUN-chT2 Erkel 1516 2015 (11.6)}) ({RR} 7. Ne5 Nd7 8. O-O h5 9. f3 Nd6 10. Re1 g5 11. e4 dxe4 12. fxe4 Bg4 13. Nxg4 gxf4 14. Nf2 e5 15. Nh3 Qh4 16. Nd2 Rg8 17. Kh1 O-O-O 18. Nf3 Qg4 19. Bf1 Nc4 20. c3 Ne3 21. Qe2 f6 {1-0 Kochetov,E (1883)-Vostrikov,V Astrakhan op 2009 (6)}) 7... Bb4+ 8. Nbd2 g5 9. Qa4+ Nc6 10. cxd5 exd5 11. Ne5 Bxd2+ 12. Kf1 gxf4 13. Bb5 O-O 14. Nf3 fxe3 15. fxe3 Bxe3 16. Qa3 Nd2+ 17. Nxd2 Bxd2 18. Qg3+ Bg5 19. h4 f6 20. hxg5 fxg5 21. Kg1 Qf6 22. Rf1 Qxd4+ 23. Rf2 Rf6 24. Bxc6 bxc6 25. Rxh6 Rxh6 26. Qxg5+ Qg7 27. Qxf5 Rf6 28. Qe5 Rxf2 29. Qxg7+ Kxg7 30. Kxf2 Re8 31. g4 d4 32. b4 d3 33. Kf3 d2 0-1

[Event "Olympiad Women 2024"]
[Site "Budapest HUN"]
[Date "2024.09.22"]
[Round "11.1"]
[Board "1"]
[White "Assaubayeva, Bibisara"]
[Black "Tokhirjonova, Gulrukhbegim"]
[Result "1-0"]
[WhiteElo "2482"]
[BlackElo "2380"]
[PlyCount "111"]
[EventDate "2024.09.11"]
[WhiteTeam "Kazakhstan"]
[BlackTeam "United States of America"]
[WhiteTeamCountry "KAZ"]

1. c4 Nf6 2. Nc3 e5 3. Nf3 Nc6 4. g3 Nd4 5. Bg2 Nxf3+ 6. Bxf3 Bb4 7. Qb3 a5 8. g4 $146 ({RR} 8. O-O O-O 9. d3 h6 10. Be3 Bxc3 11. Qxc3 d6 12. c5 Re8 13. cxd6 Qxd6 14. Rfd1 c6 15. Bc5 Qc7 16. Qb3 Bg4 17. Bxg4 Nxg4 18. e4 Nf6 19. f3 Nh7 20. d4 exd4 21. Bxd4 Ng5 22. Bb6 Qe7 {½-½ Bronstein,D-Polugaevsky,L Interzonal-09b 1973 (3)}) ({RR} 8. O-O Bc5 9. d3 O-O 10. Bg2 d6 11. Qc2 h6 12. Na4 Ba7 13. Bd2 c6 14. c5 d5 15. e4 Be6 16. h3 Bb8 17. Nb6 Ra6 18. b4 axb4 19. Bxb4 Qe7 20. Rfb1 Rd8 21. a4 d4 22. a5 Ne8 {1-0 Caruana,F (2764)-Nakamura,H (2775) Chessable Masters Div 1 W 2023 (3.1)}) ({RR} 8. a3 Bxc3 9. Qxc3 d6 10. b4 axb4 11. axb4 Rxa1 12. Qxa1 O-O 13. Bb2 c6 14. O-O Bg4 15. Bxg4 Nxg4 16. f3 Nh6 17. Qa7 Qd7 18. Ra1 Nf5 19. Qb6 Ne7 20. Ra7 Rb8 21. Qe3 f6 22. d4 Qe6 {½-½ Blahynka,M (2378)-Simacek,P (2452) TCh-CZE Extraliga 2023-24 (10.5)}) ({RR} 8. O-O O-O 9. d3 h6 10. Na4 Re8 11. Be3 Bf8 12. c5 d5 13. cxd6 Bxd6 14. Rfc1 e4 15. dxe4 Nxe4 16. Rd1 Qe7 17. Rac1 Ng5 18. Bxg5 hxg5 19. Rd3 g4 20. Re3 Be6 21. Bd5 Qg5 22. Rd1 Bxd5 {1-0 Smejkal,J (2550)-Bronstein,L (2420) Interzonal-11b 1979 (6)}) ({RR} 8. d3 O-O 9. O-O Re8 10. Na4 Bf8 11. Bg5 h6 12. Bxf6 Qxf6 13. c5 Rb8 14. Rfc1 c6 15. Qc3 Qd8 16. a3 d5 17. e4 Bh3 18. Nb6 Qf6 19. Bg2 Bxg2 20. Kxg2 Rbd8 21. Re1 dxe4 22. Rxe4 Qe7 {1-0 Vaganian,R (2550)-Zeitlein,M (2490) URS-ch50 First League 1982 (5)}) 8... h6 9. d3 d5 10. cxd5 Bxg4 11. Bg2 O-O 12. h3 Bh5 13. Bd2 Re8 14. Rg1 Ra6 15. O-O-O Qd6 16. Rde1 a4 17. Qc4 a3 18. b3 Ra5 19. Kb1 Bxc3 20. Bxc3 Rc5 21. Bb4 Rxc4 22. Bxd6 Rf4 23. Bxc7 Rxf2 24. d6 Bxe2 25. Bxb7 Bxd3+ 26. Ka1 Bb5 27. Re3 Nd7 28. b4 e4 29. Rxe4 Rxe4 30. Bxe4 Rf4 31. Re1 f5 32. Bc2 Rxb4 33. Bxf5 Nf6 34. Re3 Rf4 35. Be6+ Kh7 36. Rxa3 Rf1+ 37. Kb2 Re1 38. Bf5+ g6 39. Bd3 Bd7 40. Bd8 Re6 41. Bxf6 Rxd6 42. Be7 Rb6+ 43. Kc3 Bxh3 44. Ra7 Kg8 45. a4 Bg2 46. Bc5 Rb7 47. Ra6 h5 48. Rxg6+ Rg7 49. Rh6 Rg5 50. Bd4 Kf8 51. Be2 Bd5 52. Bc4 Bg2 53. Bf6 Rg3+ 54. Kb4 Ke8 55. Be6 Rg4+ 56. Kc5 1-0

[Event "Olympiad Women 2024"]
[Site "Budapest HUN"]
[Date "2024.09.22"]
[Round "11.1"]
[Board "2"]
[White "Yip, Carissa"]
[Black "Kamalidenova, Meruert"]
[Result "1-0"]
[WhiteElo "2386"]
[BlackElo "2352"]
[PlyCount "91"]
[EventDate "2024.09.11"]
[WhiteTeam "United States of America"]
[BlackTeam "Kazakhstan"]
[BlackTeamCountry "KAZ"]

1. c4 Nf6 2. Nc3 g6 3. e4 d6 4. d4 Bg7 5. h3 O-O 6. Be3 Nfd7 ({RR} 6... a6 7. Nf3 Nbd7 8. g4 c5 9. Be2 b6 10. Qd2 Bb7 11. d5 b5 12. cxb5 axb5 13. Bxb5 Nb6 14. O-O e6 15. Bc6 Bxc6 16. dxc6 Nc4 17. Qe2 Nxe3 18. Qxe3 Qb6 19. e5 Nd5 20. Nxd5 exd5 21. exd6 {½-½ Riazantsev,A (2678)-Fedoseev,V (2677) Moscow-ch blitz 68th 2014 (15)}) 7. Nf3 ({RR} 7. g4 c5 8. Nf3 Nc6 9. d5 Nce5 10. Nxe5 Nxe5 11. f4 Nd7 12. Bd3 Qb6 13. Qd2 Qd8 14. O-O e6 15. Kh1 exd5 16. cxd5 Nf6 17. Qg2 h5 18. g5 Ne8 19. Rae1 f6 20. gxf6 Qxf6 21. e5 Qh4 {1-0 Streich,J (1990)-Marx,J (1665) HSK Easter Open 2024 (1.18)}) 7... a6 8. Qd2 $146 ({RR} 8. Be2 c6 9. Qd2 Re8 10. h4 b5 11. h5 b4 12. Na4 Qa5 13. b3 Nf6 14. hxg6 hxg6 15. Ng5 Nbd7 16. f4 e5 17. fxe5 dxe5 18. d5 c5 19. a3 Rb8 20. O-O Qc7 21. axb4 Rxb4 22. Nxc5 Nxc5 {1-0 Pecurica,M (2320)-Kovacevic,N (2022) Niksic IM 03 2021 (9)}) 8... c5 9. Be2 Nc6 10. O-O cxd4 11. Nxd4 Nc5 12. Rfd1 Be6 13. Rab1 a5 14. b3 Bd7 15. Ndb5 b6 16. f4 Na7 17. Nd4 e5 18. Nf3 exf4 19. Bxf4 Re8 20. Bd3 Bc6 21. Bg5 f6 22. Bh4 Nc8 23. Bc2 Ra7 24. Nd4 Ba8 25. Rf1 Rf7 26. Rbe1 Na7 27. a3 Nc6 28. Nxc6 Bxc6 29. b4 Ne6 30. Bb3 Kh8 31. Kh1 Qd7 32. Nd5 Bxd5 33. Qxd5 a4 34. Ba2 Rff8 35. Bg3 Rd8 36. c5 Rfe8 37. cxd6 Ng5 38. Bc4 Qc8 39. Bb5 Qc3 40. Kh2 Rf8 41. d7 Nf7 42. e5 Nxe5 43. Rxe5 Qxa3 44. Re8 Qxb4 45. Rfe1 a3 46. Rxd8 1-0

[Event "Olympiad Women 2024"]
[Site "Budapest HUN"]
[Date "2024.09.22"]
[Round "11.1"]
[Board "3"]
[White "Balabayeva, Xeniya"]
[Black "Krush, Irina"]
[Result "1/2-1/2"]
[WhiteElo "2335"]
[BlackElo "2396"]
[PlyCount "110"]
[EventDate "2024.09.11"]
[WhiteTeam "Kazakhstan"]
[BlackTeam "United States of America"]
[WhiteTeamCountry "KAZ"]

1. d4 Nf6 2. Nf3 e6 3. Bf4 d5 4. e3 Bd6 5. Ne5 O-O 6. Bd3 c5 7. c3 Qc7 8. Nd2 b6 9. Qf3 ({RR} 9. h4 Ba6 10. Bxa6 Nxa6 11. h5 h6 12. Rh3 cxd4 13. exd4 Nc5 14. Kf1 Nfe4 15. Nxe4 Nxe4 16. Qg4 Nf6 17. Qe2 Ne4 18. Qg4 Nf6 19. Qh4 Ne4 20. Re3 Bxe5 21. Bxe5 Qd7 22. Kg1 f6 23. Bh2 Rae8 {½-½ Erigaisi,A (2762)-Keymer,V (2726) Superbet POL Blitz 2024 (7.5)}) 9... Ba6 10. Bxa6 Nxa6 11. O-O Rac8 $146 ({RR} 11... Rae8 12. Rfe1 Nb8 13. Rac1 c4 14. e4 b5 15. g4 dxe4 16. Nxe4 Nxe4 17. Rxe4 f6 18. Nxc4 Bxf4 19. Rxf4 bxc4 20. Re1 Qc6 21. Qe2 Nd7 22. Re4 Nb6 23. f4 f5 24. Re5 fxg4 25. Qxg4 Rf6 26. Rg5 {1-0 Burton,R (2044)-Borland,T (2042) Guernsey op 31st  2005 (5)}) 12. h4 Nb8 13. g4 Nc6 14. Qg3 Rfd8 15. Rad1 Ne8 16. Ndf3 f6 17. Nxc6 Qxc6 18. g5 f5 19. Ne5 Bxe5 20. Bxe5 Qd7 21. h5 Nd6 22. h6 g6 23. Kh1 Nc4 24. b3 Nxe5 25. Qxe5 c4 26. b4 a6 27. f3 Rc7 28. e4 Qd6 29. Qh2 dxe4 30. fxe4 Rf7 31. exf5 Rxf5 32. Rxf5 gxf5 33. Re1 Qd5+ 34. Kg1 Qd6 35. Re5 Qe7 36. Qf4 Kf7 37. d5 Rxd5 38. Rxd5 exd5 39. Qxf5+ Ke8 40. Qc8+ Kf7 41. Qf5+ Ke8 42. Qxd5 Qe3+ 43. Kg2 Ke7 44. g6 Qe2+ 45. Kg3 Qe1+ 46. Kg4 Qg1+ 47. Kf4 Qh2+ 48. Ke4 Qh4+ 49. Ke3 Qxh6+ 50. Kf2 Qh2+ 51. Kf1 Qh3+ 52. Kf2 Qh2+ 53. Kf1 Qh3+ 54. Kf2 Qh2+ 55. Kf1 Qh3+ 1/2-1/2

[Event "Olympiad Women 2024"]
[Site "Budapest HUN"]
[Date "2024.09.22"]
[Round "11.1"]
[Board "4"]
[White "Lee, Alice"]
[Black "Nurman, Alua"]
[Result "1/2-1/2"]
[WhiteElo "2384"]
[BlackElo "2324"]
[PlyCount "162"]
[EventDate "2024.09.11"]
[WhiteTeam "United States of America"]
[BlackTeam "Kazakhstan"]
[BlackTeamCountry "KAZ"]

1. d4 d5 2. c4 e6 3. Nf3 Nf6 4. Nc3 Be7 5. Bg5 O-O 6. e3 Nbd7 7. cxd5 exd5 8. Bd3 c6 9. Qc2 Re8 10. O-O h6 11. Bh4 Ne4 12. Bxe7 Qxe7 13. b4 Ndf6 14. b5 c5 15. dxc5 Nxc5 16. Be2 Be6 17. Qb2 ({RR} 17. Nd4 Rac8 18. Qb2 Nfe4 19. Rac1 g6 20. Qa3 Nd2 21. Rfd1 Nc4 22. Qb4 a5 23. bxa6 Nxa6 24. Qxe7 Rxe7 25. e4 dxe4 26. Nxe6 Rxe6 27. Nb5 {1-0 Mohammad,N (2415)-Rahman,S (2164) Bangabandhu Premier 2024 (5.2)}) 17... Rac8 $146 ({RR} 17... Nce4 18. Rac1 Rac8 19. Nd4 Nxc3 20. Rxc3 Rxc3 21. Qxc3 Rc8 22. Qb2 Qc7 23. Bd3 Ng4 24. g3 Ne5 25. Bb1 Bh3 26. Rd1 Bg4 27. Re1 Qc3 28. Qxc3 Rxc3 29. Kg2 Nc4 30. h3 Bd7 31. Re2 Na3 32. Rb2 {½-½ Haigh,T (1817)-Bevan,P (1913) WLS-chT 1617 2016 (2.12)}) 18. Rfc1 Nfe4 19. Qa3 Nxf2 20. Na4 Nxa4 21. Qxa4 Ng4 22. Qxa7 Bf5 23. Bf1 Qxe3+ 24. Qxe3 Nxe3 25. a4 Rxc1 26. Rxc1 Ra8 27. Nd4 Be4 28. Ra1 b6 29. a5 bxa5 30. Nc6 Nc4 31. Bxc4 dxc4 32. Ra4 Bxc6 33. bxc6 Rc8 34. Rxc4 a4 35. Rxa4 Rxc6 36. h3 Rc2 37. Kh2 g6 38. Rb4 Kg7 39. Ra4 Re2 40. Kg3 Rd2 41. Kf3 Rc2 42. Rb4 Rc3+ 43. Kf2 g5 44. h4 Kg6 45. Rb6+ f6 46. hxg5 hxg5 47. g4 Rc7 48. Kf3 Kf7 49. Ra6 Rc3+ 50. Kf2 Rd3 51. Ke2 Rd4 52. Kf3 Ke7 53. Ra3 Kd6 54. Ra6+ Ke5 55. Ra5+ Rd5 56. Ra3 Rd1 57. Re3+ Kd4 58. Re6 Rf1+ 59. Kg3 Rf4 60. Ra6 Ke5 61. Ra5+ Ke6 62. Ra6+ Kf7 63. Ra7+ Kg6 64. Rb7 Re4 65. Kf3 Re6 66. Ra7 Rb6 67. Rc7 Rb3+ 68. Kf2 Rb8 69. Ra7 Rf8 70. Kg3 Rf7 71. Rxf7 Kxf7 72. Kf3 Kf8 73. Kf2 Ke8 74. Ke2 Kd7 75. Kd3 Kd6 76. Kd4 Kc6 77. Kc4 Kd7 78. Kd3 Ke8 79. Ke2 Ke7 80. Ke3 Ke6 81. Ke4 Kd7 1/2-1/2

[Event "Olympiad Women 2024"]
[Site "Budapest HUN"]
[Date "2024.09.22"]
[Round "11.2"]
[Board "1"]
[White "Gaal, Zsoka"]
[Black "Khademalsharieh, Sarasadat"]
[Result "0-1"]
[WhiteElo "2385"]
[BlackElo "2468"]
[PlyCount "78"]
[EventDate "2024.09.11"]
[WhiteTeam "Hungary"]
[BlackTeam "Spain"]
[WhiteTeamCountry "HUN"]
[BlackTeamCountry "ESP"]

1. d4 d5 2. c4 e6 3. Nc3 Nf6 4. cxd5 exd5 5. Bg5 c6 6. e3 h6 7. Bh4 Be7 8. Bd3 O-O 9. Qc2 Re8 10. Nf3 Nbd7 11. O-O Ne4 12. Bxe7 Qxe7 13. Rae1 f5 ({RR} 13... a5 14. Bxe4 dxe4 15. Nd2 Nf6 16. f3 exf3 17. Nxf3 Be6 18. e4 Rad8 19. h3 Nh5 20. d5 Bc8 21. dxc6 bxc6 22. Rd1 Ba6 23. Rxd8 Rxd8 24. Rd1 Qa7+ 25. Qf2 Rxd1+ 26. Nxd1 Qe7 27. Nc3 Nf4 28. Qb6 {½-½ Livaic,L (2565)-Vidit,S (2710) Titled Tuesday intern op 13th Sep Early blitz 2022 (6)}) ({RR} 13... b6 14. Nd2 Nxd2 15. Qxd2 Nf6 16. Rc1 Bb7 17. Be2 c5 18. Bf3 Ne4 19. Bxe4 dxe4 20. dxc5 Rad8 21. Qe2 Qh4 22. Rfd1 Rxd1+ 23. Rxd1 Re5 24. cxb6 axb6 25. Qd2 f6 26. Ne2 Ba6 27. Nf4 Qg4 28. h3 {1-0 Ferreira,T (2085)-Borger,D (1832) 9th Floripa Open 2023 (9.48)}) 14. Ne2 a5 $146 ({RR} 14... Nf8 15. Ne5 Nd6 16. Nf4 Nf7 17. Nfg6 Nxg6 18. Nxg6 Qf6 19. Nf4 Nd6 20. Qa4 g5 21. Nh5 Qf7 22. Qa3 Re6 23. Be2 Bd7 24. Ng3 Qe7 25. Qc3 Rf8 26. Bd3 Ne4 27. Nxe4 fxe4 28. Be2 Ref6 29. Qa5 {0-1 Adrovic,A-Nisic,H (2112) Boskovic Memorial 2004 (4)}) ({RR} 14... Qd6 15. Nf4 g5 16. Ne2 Rf8 17. Kh1 Qe7 18. Nfg1 Ndf6 19. f3 Bd7 20. Qd1 Nd6 21. Ng3 Nfe8 22. Qc2 Ng7 23. e4 dxe4 24. fxe4 f4 25. N3e2 Rae8 26. Nc3 Bg4 27. b4 Ne6 28. d5 Nd4 29. Qf2 {0-1 Soto,O-Galego,L (2390) Seville op 1993 (5)}) ({RR} 14... g6 15. Nf4 Kg7 16. h4 h5 17. Re2 Nf8 18. g3 Be6 19. Ne5 Bf7 20. Kg2 Nd7 21. Nf3 Ndf6 22. Rc1 Ng4 23. Bxe4 Qxe4 24. Nd3 Rac8 25. b4 Rcd8 26. Qc3 Kg8 27. a4 Rc8 28. Nc5 Qe7 29. Ng5 {1-0 Stojanovic,D (2303)-Dimitrijevic,M (2229) SRB-chT2 West 2018 (8.4)}) 15. Nf4 Qf6 16. Be2 Nd6 17. h4 g6 18. h5 g5 19. Ng6 Qg7 20. g3 Nf6 21. Nfe5 Be6 22. Kg2 Nf7 23. Nd3 f4 24. exf4 Bf5 25. Qd1 Bxg6 26. hxg6 Qxg6 27. Ne5 Qg7 28. fxg5 Nxg5 29. Rh1 c5 30. Bb5 Re6 31. dxc5 Rf8 32. Rh4 Nfe4 33. Rexe4 dxe4 34. Nd7 Rf7 35. Rg4 Qxb2 36. Be2 e3 37. f4 Rxd7 38. Rxg5+ hxg5 39. Qxd7 Qxe2+ 0-1

[Event "Olympiad Women 2024"]
[Site "Budapest HUN"]
[Date "2024.09.22"]
[Round "11.2"]
[Board "2"]
[White "Garcia Martin, Marta"]
[Black "Hoang, Thanh Trang"]
[Result "1-0"]
[WhiteElo "2318"]
[BlackElo "2351"]
[PlyCount "99"]
[EventDate "2024.09.11"]
[WhiteTeam "Spain"]
[BlackTeam "Hungary"]
[WhiteTeamCountry "ESP"]
[BlackTeamCountry "HUN"]

1. d4 {Marin,Mihail} e6 2. c4 f5 3. a3 Nf6 4. Nc3 g6 ({RR} 4... d5 5. Bg5 c6 6. e3) 5. Bg5 ({RR} 5. Bf4 Bg7 6. e3 O-O 7. Nf3 d6 8. Be2 h6 ({RR} 8... Nc6 9. Qc2 Qe7) ({RR} 8... b6 9. O-O Bb7) 9. h3 g5 ({RR} 9... Nbd7 10. Qc2 b6) 10. Bh2 Nbd7 ({RR} 10... Qe7 11. Qc2 Nc6 12. d5 Nd8 13. Bd3) 11. Qc2 b6 12. Rd1 Kh8 13. b4 Bb7 14. d5 e5 15. Nd2 ({RR} 15. Qxf5 Nxd5 16. Qc2 Nxc3 17. Qxc3 e4 18. Nd4 c5) 15... c6 ({RR} 15... a5) ({RR} 15... f4 16. e4 Qe7 17. f3 h5 18. Bg1 Bh6 19. Bf2 Kg7 20. Nb3) 16. dxc6 Bxc6 17. O-O Rc8 ({RR} 17... f4 18. Nde4) 18. Qxf5 Ne4 19. Qxf8+ Bxf8 {1-0 Topalov,V (2772)-Vallejo Pons,F (2698) Olympiad-41 Tromsoe 2014 (3.1)}) ({RR} 5. h4 Bg7 6. h5 Nxh5 7. e4 Nf6 8. e5 Ng8 9. Nf3 Nc6 10. Bg5 Nce7 11. d5 h6 12. Be3 a6 13. Qc2 d6 14. O-O-O exd5 15. exd6 cxd6 16. cxd5 Bd7 17. Kb1 Nf6 18. Qb3 b5 19. Nd4 Ng4 {1-0 Srihari,L (2490)-Kamsky,G (2623) Titled Tue 13th Feb Early 2024 (9)}) ({RR} 5. Nf3 Bg7 6. Bg5 h6 7. Bxf6 Qxf6 8. e4 d6 9. Bd3 O-O 10. O-O Nc6 11. d5 Ne5 12. Nxe5 dxe5 13. c5 exd5 14. exd5 e4 15. Bc4 Kh7 16. Rc1 f4 17. Nxe4 Qxb2 18. Rb1 Qxa3 19. d6 Bf5 {½-½ Enkhtuul,A (2267)-Hoang,T (2376) Olympiad Women-44 2022 (8.1)}) 5... h6 6. Bxf6 Qxf6 7. e4 Bg7 $146 ({RR} 7... d6 8. Nf3 Nc6 9. d5 Ne5 10. Nd4 Be7 11. dxe6 Bxe6 12. exf5 gxf5 13. f4 Ng4 14. Nxe6 Qxe6+ 15. Qe2 Kd7 16. Qxe6+ Kxe6 17. Bd3 Raf8 18. Nb5 Bf6 19. O-O-O Nf2 20. Rhe1+ Kf7 21. Rd2 Nxd3+ 22. Rxd3 {0-1 Heberla,B (2570)-Nowicki,B (2275) POL-chT rapid 2018 (2.14)}) ({RR} 7... d6 8. Nf3 Bg7 9. Qc2 O-O 10. Bd3 Nc6 11. Ne2 g5 12. h3 g4 13. e5 dxe5 14. dxe5 Nxe5 15. Nxe5 Qxe5 16. O-O-O Bd7 17. hxg4 Ba4 18. b3 Bc6 19. Qb1 fxg4 {0-1 Anciaux,A (2282)-Glek,I (2419) ch-BEL 2023 Bruges BEL (5.3)}) 8. e5 Qe7 9. f4 d6 10. Nf3 O-O 11. Qe2 g5 12. g3 dxe5 13. Nxe5 Rd8 14. O-O-O Nd7 15. Bg2 c5 16. d5 Nxe5 17. fxe5 exd5 18. Bxd5+ Be6 19. Rhf1 Bxd5 20. Nxd5 Qxe5 21. Qc2 Re8 22. Rxf5 Qe4 23. Nc7 Qxc2+ 24. Kxc2 Rf8 25. g4 Rxf5 26. gxf5 Rf8 27. Rd5 b6 28. Ne6 Rf7 29. b4 Rb7 30. Kb3 g4 31. Ka4 h5 32. Kb5 Bf6 33. Kc6 Rh7 34. bxc5 bxc5 35. Nxc5 h4 36. Ne4 Bb2 37. f6 Bxa3 38. c5 Rh6 39. Rg5+ Kf8 40. Rxg4 Bb2 41. Kd7 Be5 42. h3 Rh7+ 43. Rg7 Rxg7+ 44. fxg7+ Kxg7 45. Nd6 a5 46. c6 a4 47. c7 a3 48. c8=Q a2 49. Ne8+ Kh6 50. Qa6+ 1-0

[Event "Olympiad Women 2024"]
[Site "Budapest HUN"]
[Date "2024.09.22"]
[Round "11.2"]
[Board "3"]
[White "Terbe, Julianna"]
[Black "Vega Gutierrez, Sabrina"]
[Result "0-1"]
[WhiteElo "2245"]
[BlackElo "2374"]
[PlyCount "120"]
[EventDate "2024.09.11"]
[WhiteTeam "Hungary"]
[BlackTeam "Spain"]
[WhiteTeamCountry "HUN"]
[BlackTeamCountry "ESP"]

1. d4 d5 2. Nf3 c5 3. g3 cxd4 4. Bg2 Nf6 5. O-O h6 6. b3 g6 7. Bb2 Bg7 8. Bxd4 Nc6 9. Bb2 O-O 10. Na3 Qa5 11. Qe1 $146 ({RR} 11. Qc1 Rd8 12. Rd1 Ne4 13. Bxg7 Kxg7 14. c4 Nc3 15. Qb2 d4 16. Rd2 e5 17. Nc2 Ne4 18. b4 Qc7 19. Rdd1 Nc3 20. Rd2 Ne4 21. Rdd1 Nc3 22. Rd2 Bg4 23. e3 Ne4 24. Rd3 Nf6 25. Rd2 Bxf3 {0-1 Persson,A (2139)-Garcia Roman,D (2397) 11th Prague Summer Open 2024 (6.6)}) 11... Qa6 12. c4 Be6 13. b4 Qa4 14. b5 Na5 15. cxd5 Nxd5 16. Bxg7 Kxg7 17. Qc1 Rac8 18. Qb2+ Rc3 19. Nb1 Qc2 20. Qxc2 Rxc2 21. Nd4 Rb2 22. Rc1 Rd8 23. Na3 Bg4 24. e3 e5 25. Nf3 Bxf3 26. Bxf3 Nb6 27. Rc2 Rd2 28. Rxd2 Rxd2 29. Kf1 Na4 30. Be2 Nc3 31. Nc4 Rxe2 32. Nxa5 Rxa2 33. Rxa2 Nxa2 34. Nxb7 Nc3 35. Nd6 Kf6 36. Ke1 Ke6 37. Nc4 Nxb5 38. e4 Nd4 39. h4 f5 40. exf5+ gxf5 41. Kd2 Kd5 42. Kd3 e4+ 43. Kc3 Nb5+ 44. Kb4 Nd6 45. Ne3+ Kd4 46. h5 Ke5 47. Kc5 Ne8 48. g4 Ng7 49. gxf5 Nxf5 50. Ng4+ Kf4 51. Nf6 Ng7 52. Kd5 a5 53. Ng8 a4 54. Kc4 Kg5 55. Kb4 Nxh5 56. Kxa4 Nf6 57. Ne7 h5 58. Nc6 h4 59. Nd4 h3 60. Ne2 Nh5 0-1

[Event "Olympiad Women 2024"]
[Site "Budapest HUN"]
[Date "2024.09.22"]
[Round "11.2"]
[Board "4"]
[White "Matnadze Bujiashvili, Ann"]
[Black "Lazarne Vajda, Szidonia"]
[Result "1/2-1/2"]
[WhiteElo "2338"]
[BlackElo "2283"]
[PlyCount "71"]
[EventDate "2024.09.11"]
[WhiteTeam "Spain"]
[BlackTeam "Hungary"]
[WhiteTeamCountry "ESP"]
[BlackTeamCountry "HUN"]

1. c4 {ChessBase} g6 2. g3 Bg7 3. Bg2 e5 4. Nc3 Ne7 5. Nf3 Nbc6 6. O-O O-O 7. d3 a5 $146 ({RR} 7... b6 8. Bd2 Bb7 9. e4 f5 10. Nd5 h6 11. Nh4 f4 12. Qg4 g5 13. Nf5 Nxf5 14. exf5 Kh8 15. Be4 Na5 16. f6 Rxf6 17. Nxf6 Bxf6 18. Bxa5 Bxe4 19. dxe4 bxa5 20. Rfd1 d6 21. c5 Be7 22. Rd3 {1-0 Romanovsky,P-Ilyin Zhenevsky,A URS-ch05 Final 1927 (14)}) ({RR} 7... Rb8 8. Rb1 d5 9. cxd5 Nxd5 10. Bd2 Nde7 11. b4 a6 12. a4 h6 13. b5 axb5 14. axb5 Nd4 15. Ne1 Bg4 16. h3 Bd7 17. e3 Ne6 18. Nf3 c6 19. Qe2 Nf5 20. Rfd1 Re8 21. bxc6 Bxc6 22. Ne4 {½-½ Hauchard,A (2539)-Shchekachev,A (2503) Montpellier op 7th 2000 (9)}) ({RR} 7... h6 8. e4 d6 9. h3 f5 10. Nd5 Nxd5 11. cxd5 Ne7 12. Bd2 Kh7 13. Rc1 c6 14. dxc6 bxc6 15. Qa4 a5 16. Rfd1 Bd7 17. Qa3 Be6 18. Bc3 Qc7 19. Nd2 d5 20. Nb3 a4 21. Nc5 Bg8 22. Bb4 {1-0 Kamody,M (2266)-Fiacan,R (2180) SVK-chT1E 1617 2016 (8.6)}) ({RR} 7... f5 8. Ng5 h6 9. Nh3 g5 10. f4 exf4 11. gxf4 g4 12. Nf2 h5 13. e4 d6 14. Ne2 Nd4 15. Nxd4 Bxd4 16. Kh1 c6 17. Rb1 Qb6 18. Qe2 Bd7 19. b4 Rae8 20. Qc2 Ng6 21. c5 dxc5 22. bxc5 {0-1 Giorgieri,F-Ulvestad,O Milan 2nd 1953 (3)}) ({RR} 7... b6 8. Bg5 f6 9. Bd2 Bb7 10. Rc1 Rb8 11. a3 a6 12. e3 d6 13. b4 Qd7 14. Qb3 Kh8 15. d4 exd4 16. exd4 Qg4 17. Ne2 Rbe8 18. Nf4 Qd7 19. d5 Ne5 20. Nd4 Ng8 21. Nfe6 Rf7 22. Bh3 {½-½ Zvorykina,K-Teodorescu,M Olympiad Women-01 Final A  1957 (2.2)}) 8. Ne1 d6 9. Nc2 Nd4 10. Na3 c6 11. e3 Ndf5 12. Nc2 h5 13. h3 Be6 14. Kh2 d5 15. cxd5 cxd5 16. e4 dxe4 17. dxe4 Nd4 18. Bg5 Qd7 19. Bxe7 Qxe7 20. Nxd4 exd4 21. Nd5 Bxd5 22. exd5 Qb4 23. Rb1 Rae8 24. Qd3 Re7 25. h4 Rfe8 26. Bf3 Rc7 27. a3 Qb6 28. Rfd1 Bf6 29. Rd2 Kg7 30. Rbd1 Rec8 31. Re1 Rc1 32. Re4 Rd8 33. Ree2 Rdc8 34. Re4 Rd8 35. Ree2 Rdc8 36. Re4 1/2-1/2

[Event "Olympiad Women 2024"]
[Site "Budapest HUN"]
[Date "2024.09.22"]
[Round "11.3"]
[Board "1"]
[White "Dronavalli, Harika"]
[Black "Mammadzada, Gunay"]
[Result "1-0"]
[WhiteElo "2502"]
[BlackElo "2433"]
[PlyCount "101"]
[EventDate "2024.09.11"]
[WhiteTeam "India"]
[BlackTeam "Azerbaijan"]
[WhiteTeamCountry "IND"]
[BlackTeamCountry "AZE"]

1. c4 Nf6 2. Nc3 e5 3. Nf3 Nc6 4. g3 d5 5. cxd5 Nxd5 6. Bg2 Bc5 7. O-O O-O 8. d3 h6 9. Bd2 Nf6 10. Rc1 Bb6 ({RR} 10... Be6 11. Na4 Bd6 12. Nc5 Bxc5 13. Rxc5 e4 14. Ne1 Qd4 15. Be3 Qxb2 16. dxe4 Rad8 17. Nd3 Qxa2 18. Rc2 Qa4 19. Rb2 Qxd1 20. Rxd1 b6 21. Rc1 Na5 22. Rxc7 Nc4 23. Bc1 Nxb2 24. Bxb2 Rd7 25. Rc6 {0-1 Zhu,J (2463)-Adewumi,T (2351) Titled Tue 23rd Apr Early 2024 (11)}) 11. Na4 Qe7 $146 ({RR} 11... Re8 12. Bc3 e4 13. dxe4 Nxe4 14. Qxd8 Rxd8 15. Be5 Re8 16. Nxb6 axb6 17. Bxc7 Rxa2 18. Ne5 Bf5 19. Nxc6 bxc6 20. f3 Nd2 21. Rf2 Rxb2 22. e4 Be6 23. Be5 Rb5 24. Rxd2 Rxe5 25. Rxc6 Rb5 26. f4 {½-½ Vachier Lagrave,M (2779)-Carlsen,M (2875) Norway Chess Armageddon 7th blitz 2019 (5)}) 12. Bc3 Rd8 13. Qc2 Nd5 14. Nxb6 axb6 15. a3 Bf5 16. Rfe1 Nxc3 17. Qxc3 e4 18. dxe4 Bxe4 19. Qe3 Re8 20. Red1 Qf6 21. Qc3 Qxc3 22. Rxc3 Rad8 23. Rdc1 Bxf3 24. Bxf3 Nd4 25. Rxc7 Rxe2 26. Bxe2 Nxe2+ 27. Kg2 Nxc1 28. Rxc1 Rd7 29. Rc3 f5 30. Rb3 Rd6 31. Rb5 g6 32. h4 h5 33. Kf3 Kf7 34. Kf4 Kf6 35. Rb4 Rc6 36. a4 Rd6 37. b3 Ke6 38. Kg5 Ke5 39. Rc4 Kd5 40. Rc7 Ke4 41. Rg7 f4 42. gxf4 b5 43. Rxb7 bxa4 44. Rb4+ Kf3 45. bxa4 Kxf2 46. Rb3 Ra6 47. a5 Rxa5+ 48. Kxg6 Ra4 49. Kg5 Ra5+ 50. f5 Kg2 51. Kg6 1-0